Länder mit semipräsidentiellem Regierungssystem - Statistiken

Allgemein
  • Dieses Quiz wurde 3 mal gespielt
  • Das Durchschnittsergebnis liegt bei 23 aus 34
Antwortstatistiken
Land % Korrekt
Ägypten
100%
Georgien
100%
Kasachstan
100%
Kenia
100%
Russland
100%
Ukraine
100%
Algerien
67%
Burkina Faso
67%
Demokratische Republik Kongo
67%
Guinea-Bissau
67%
Guyana
67%
Haiti
67%
Mali
67%
Myanmar
67%
Namibia
67%
Niger
67%
Österreich
67%
Osttimor
67%
Peru
67%
Portugal
67%
Rumänien
67%
São Tomé und Príncipe
67%
Senegal
67%
Serbien
67%
Simbabwe
67%
Slowakei
67%
Tadschikistan
67%
Taiwan
67%
Tunesien
67%
Frankreich
33%
Jemen
33%
Kap Verde
33%
Litauen
33%
Äquatorialguinea
0%
Keine übereinstimmenden Quizze gefunden
Verteilung der Resultate
Anzahl Personen mit jedem Resultat
Perzentil nach korrekt beantworteten Fragen
Ihre Resultats-Entwicklung
Sie haben dieses Quiz noch nicht gespielt